| 000 | 00744cam a22002297i 4500 | ||
|---|---|---|---|
| 020 | _a9789210579230 (pdf) | ||
| 020 | _a9789211207156 | ||
| 022 | _a02525704 | ||
| 040 | _cDLC | ||
| 082 | _aESC ECO 2016 A006 Or. | ||
| 100 | 1 | _aAkhtar, Shamshad, | |
| 245 | 1 | 0 |
_aEconomic and social survey of Asia and the Pacific, 2016 : _bnurturing productivity for inclusive growth and sustainable development / |
| 300 |
_a1 online resource (142 pages) : _bPDF |
||
| 500 | _a"ISSN 0252-5704"--Page ii. | ||
| 650 | 0 | _aEconomic development | |
| 650 | 0 | _aEconomic development | |
| 700 | 1 | _aHahm, Hongjoo, | |
| 700 | 1 | _aHasan, Aynul, | |
| 710 | 2 | _aUnited Nations. | |
| 856 | 4 | 1 | _uhttps://hdl.loc.gov/loc.gdc/gdcebookspublic.2018333457 |
| 942 | _cAEDBB | ||
| 999 |
_c22107 _d22107 |
||